Nástroje na zvyšovanie atraktívnosti v regióne cestovného ruchu diplomová práca

Na minha lista:
Detalhes bibliográficos
Autor principal: Poláčková, Andrea
Autor Corporativo: Obchodná fakulta EU. Katedra služieb a cestovného ruchu - zrušené
Outros Autores: Šuterová, Viola, 1957-
Formato: Livro
Idioma:eslovaco
Publicado em: Bratislava 2014
Tags: Adicionar Tag
Sem tags, seja o primeiro a adicionar uma tag!

MARC

LEADER 00000nbm a2200000 4500
001 0186177
005 20170201095233.0
041 0 |a slo 
044 |a SK 
245 1 0 |a Nástroje na zvyšovanie atraktívnosti v regióne cestovného ruchu  |b diplomová práca  |c Andrea Poláčková ; školiteľ: Viola Šuterová 
264 1 |a Bratislava  |c 2014 
300 |a 67 s. 
100 1 |a Poláčková, Andrea 
700 1 |a Šuterová, Viola, 1957- 
710 2 |a Obchodná fakulta EU. Katedra služieb a cestovného ruchu - zrušené